We shall remain a native history of Utah.

Saved in:
நூற்பட்டியல் விவரங்கள்
குழும எழுத்தாளர்: KUED-TV (Television station : Salt Lake City, Utah)
மற்ற எழுத்தாளர்கள்: Cuch, Forrest S.
வடிவம்: நழுவு
மொழி:English
வெளியீடப்பட்டது: Salt Lake City : KUED, c2009
பகுதிகள்:
குறியீடுகள்: குறிச்சொல் இணை
குறியீடுகள் இல்லை, இந்த குறிச்சொல்லை முதலில் பதிவு செய்யுங்கள்!
LEADER 02071cgm a2200457Ia 4500
001 012081663-6
005 20100813104102.0
008 090306s2009 utu134 vleng d
020 |a 9780874809824 
020 |a 0874809827 
035 0 |a ocn312894356 
040 |a YDXCP  |c YDXCP  |d ULC  |d UUS  |d DPL  |d BTCTA  |d B2A 
043 |a n-us-ut 
090 |a E78.U55  |b W47 2009 
245 0 0 |a We shall remain  |h [videorecording] :  |b a native history of Utah. 
246 3 0 |a Native history of Utah 
260 |a Salt Lake City :  |b KUED,  |c c2009 
300 |a 5 videodiscs (26:46 min. each) :  |b sd. col. ;  |c 4 3/4 in. 
538 |a DVD. 
508 |a Production assistant, Natalie Avery ; Videographer, Doug Monroe ; Editor, Sally Shaum, Bill Lauer. 
511 0 |a Contributing consultant and host, Forrest Cuch. 
505 0 |a The Paiute / producer, Sally Shaum ; narration, Colby Rowser -- The Ute / producer, Nancy Green ; narration, Forrest Cuch -- The Navajo / producer, Jeff Elstad ; narration, Vincent Craig -- The Goshute / producer, Carol Dalrymple ; narration, Lain Thom -- The Shoshone / producer, Nancy Green ; narration, Stephen Dak Harvey. 
500 |a Disc 5 identified on package cover and disc surface as "The Northwestern Shoshone." 
536 |a Funded by Utah Dept. of Community and Culture, George S. and Dolores Dore Eccles Foundation, William M. and Kerry Armstrong, American Experience, R. Harold Burton Foundation, Lawrence T. Dee Foundation. 
650 0 |a Indians of North America  |z Utah  |x History. 
650 0 |a Paiute Indians  |z Utah  |x History. 
650 0 |a Ute Indians  |z Utah  |x History. 
650 0 |a Navajo Indians  |z Utah  |x History. 
650 0 |a Gosiute Indians  |z Utah  |x History. 
650 0 |a Shoshoni Indians  |z Utah  |x History. 
650 0 |a Documentary television programs. 
700 1 |a Cuch, Forrest S. 
710 2 |a KUED-TV (Television station : Salt Lake City, Utah) 
740 0 2 |a Paiute 
740 0 2 |a Ute 
740 0 2 |a Navajo 
740 0 2 |a Goshute 
740 0 2 |a Shoshone 
740 0 2 |a Northwestern Shoshone 
988 |a 20090921 
906 |0 OCLC